<?xml version="1.0" encoding="UTF-8"?>
<collection xmlns="http://www.loc.gov/MARC21/slim">
 <record>
  <leader>01030nam a2200265 a 4500</leader>
  <controlfield tag="001">1/50679</controlfield>
  <controlfield tag="008">051123s2004    lu  u pdd     0    0gre  </controlfield>
  <datafield tag="022" ind1="0" ind2=" ">
   <subfield code="a">1016-8060 (print)</subfield>
  </datafield>
  <datafield tag="022" ind1="0" ind2=" ">
   <subfield code="a">1725-3187 (online)</subfield>
  </datafield>
  <datafield tag="024" ind1="0" ind2=" ">
   <subfield code="a">ECFIN/5229/04-EN</subfield>
  </datafield>
  <datafield tag="035" ind1=" " ind2=" ">
   <subfield code="l">33181</subfield>
  </datafield>
  <datafield tag="040" ind1=" " ind2=" ">
   <subfield code="a">GR-PeUP</subfield>
  </datafield>
  <datafield tag="041" ind1="0" ind2=" ">
   <subfield code="a">eng</subfield>
  </datafield>
  <datafield tag="099" ind1=" " ind2="0">
   <subfield code="a">ΚΕΤ Αλφαβητική σειρά</subfield>
  </datafield>
  <datafield tag="100" ind1="1" ind2=" ">
   <subfield code="a">Buddelmeyer, Hiekle.</subfield>
  </datafield>
  <datafield tag="245" ind1="1" ind2="4">
   <subfield code="a">The determinants of part-time work in EU countries :</subfield>
   <subfield code="b">empirical investigations with macro-panel data /</subfield>
   <subfield code="c">Buddelmeyer Hiekle, Mourre Gilles, Ward M. E.</subfield>
  </datafield>
  <datafield tag="260" ind1=" " ind2=" ">
   <subfield code="a">Brussels ;</subfield>
   <subfield code="a">Belgium :</subfield>
   <subfield code="b">European Commission: Directorate-General for Economic and Financial Affairs,</subfield>
   <subfield code="c">2004</subfield>
  </datafield>
  <datafield tag="300" ind1=" " ind2=" ">
   <subfield code="a">73 σ. ;</subfield>
   <subfield code="c">30 εκ.</subfield>
  </datafield>
  <datafield tag="500" ind1=" " ind2=" ">
   <subfield code="a">Internal paper</subfield>
  </datafield>
  <datafield tag="580" ind1=" " ind2=" ">
   <subfield code="a">Economic Papers</subfield>
  </datafield>
  <datafield tag="700" ind1="1" ind2=" ">
   <subfield code="a">Mourre, Gilles.</subfield>
  </datafield>
  <datafield tag="700" ind1="1" ind2=" ">
   <subfield code="a">Ward, M. E.</subfield>
   <subfield code="q">(Melanie E.)</subfield>
  </datafield>
  <datafield tag="710" ind1="2" ind2=" ">
   <subfield code="a">European Commission : Directorate-General for Economic and Financial Affairs.</subfield>
  </datafield>
  <datafield tag="773" ind1="0" ind2=" ">
   <subfield code="a">Economic papers</subfield>
   <subfield code="g">September 2004, No 213</subfield>
  </datafield>
  <datafield tag="830" ind1=" " ind2=" ">
   <subfield code="a">European Economy. Economic papers ;</subfield>
   <subfield code="v">213</subfield>
  </datafield>
 </record>
</collection>
